| 000 | 00555nam a22002057a 4500 | ||
|---|---|---|---|
| 003 | OSt | ||
| 005 | 20220907040034.0 | ||
| 008 | 151110b xxu||||| |||| 00| 0 eng d | ||
| 020 | _a97899660032 | ||
| 040 |
_cMMU _aMMU _beng _dMMU |
||
| 050 | _aBT 715 .T87 2011 | ||
| 245 |
_aThe Trinity of Sin / _cYusufu Turaki. |
||
| 260 |
_aAccra : _bHippoBooks, _c2012. |
||
| 300 | _axiii,74 p. : | ||
| 500 | _aIncludes Index | ||
| 500 | _aIncludes Index | ||
| 650 | _a_Sin -Chrstianity | ||
| 942 |
_2lcc _cLOAN LOAN |
||
| 980 | _a^d20141022 03:25:17^omwanik | ||
| 999 |
_c15746 _d15746 |
||